| 000 | 00000nam 2200000za 4500 |
| 001 | 9.833516 |
| 003 | CaOODSP |
| 005 | 20221107150232 |
| 007 | cr ||||||||||| |
| 008 | 170308s1941 onc #of f001 0 fre d |
| 040 | |aCaOODSP|bfre |
| 043 | |an-cn--- |
| 086 | 1 |aCS98-1941IF-PDF|zCS98-1941I |
| 245 | 00|aHuitième recensement du Canada 1941, instructions aux commissaires et énumérateurs |h[ressource électronique]. |
| 246 | 30|aInstructions aux commissaires et énumérateurs |
| 246 | 16|iTitre de depart. : |aRègles, règlements et instructions, recensement de 1941 |
| 260 | |aOttawa : |bBureau fédéral de la statistique,|c1941 |f(Edmond Cloutier, Imprimeur) |
| 300 | |axi, 130 p. |
| 500 | |a« Approuvées par Ordre en Conseil ». |
| 500 | |aPublication du recensement historique numérisée en 2009 [par Statistique Canada]. |
| 500 | |aPublié aussi en anglais sous le titre : Eighth census of Canada, 1941, instructions to commissioners and enumerators. |
| 520 | 0 |aComprend les instructions aux commissionaires et énumérateurs, et Appendice « Extraits de la Loi de la statistique, 8-9 George 5, chapitre 43, 1918 ». |
| 692 | 07|2gccst|aRecensement |
| 692 | 07|2gccst|aManuel |
| 710 | 1 |aCanada. |bBureau fédéral de la statistique. |
| 775 | 08|tEighth census of Canada 1941, instructions to commissioners and enumerators |w(CaOODSP)9.833511 |
| 795 | |tSeptième recensement du Canada 1931, instructions aux commissaires et énumérateurs |w(CaOODSP)9.832327 |
| 856 | 40|qPDF|s5.85 Mo|uhttps://publications.gc.ca/collections/collection_2017/statcan/CS98-1941I-fra.pdf |